000
00246nam a22001097a 4500
082
_a
629.24 CHE'C
100
_a
CHEVELL, CHEVROLET
_9
79771
245
_a
CHASSIS SERVICE MANUAL
260
_a
USA
_b
CHEVROLET
_c
1966
300
_a
15-19P
942
_c
BK
999
_c
584768
_d
584768